| 000 | 00344nam a22001217a 4500 | ||
|---|---|---|---|
| 999 |
_c4520 _d4520 |
||
| 008 | 250227b ||||| |||| 00| 0 eng d | ||
| 020 | _a9780192755827 | ||
| 082 | _a823.914 CRO | ||
| 100 |
_aGILLIAN CROSS _eAUTHOR |
||
| 245 | _aTHE DEMON HEADMASTER | ||
| 260 |
_aGREAT CLARENDON STREET,OXFORD OX2 6DP _bOXFORD UNIVERSITY PRESS _c2009 |
||
| 942 | _2ddc | ||